| 000 | 00825nam a22002297a 4500 | ||
|---|---|---|---|
| 999 |
_c19082 _d19082 |
||
| 003 | AR-CdUCM | ||
| 008 | 190516b ||||| |||| 00| 0 spa d | ||
| 040 |
_aMUNICIPALIDAD PROVINCIAL DEL CUSCO _cBIBLIOTECA MUNICIPAL DEL CUSCO |
||
| 082 |
_a345.72 / _bF97 |
||
| 100 |
_aFurno, Carlo _940191 |
||
| 245 | _aTeoría de la prueba legal / | ||
| 260 |
_aMadrid : _bEdit. Revista de Derecho Privado, _c1954. |
||
| 300 |
_a222 páginas ; _c21 cm. |
||
| 440 |
_aMonografías fundamentales de derecho privado y público _940192 |
||
| 505 | _aContenido: Verdad y proceso -- La conducta procesal de las partes -- La prueba legal... | ||
| 650 |
_aDerecho _9739 |
||
| 650 |
_aPrueba legal _940193 |
||
| 650 |
_aConducta legal _940194 |
||
| 700 |
_aGonzales Collado, Sergio _940195 |
||
| 942 |
_2ddc _cLIBROS |
||
| 945 |
_adavv _d2019-05-16 |
||